|
|
|
|
| LEADER |
00000nam0a2200000 4500 |
| 001 |
286797 |
| 005 |
20231101235928.0 |
| 035 |
|
|
|a (RuTPU)RU\TPU\book\311144
|
| 090 |
|
|
|a 286797
|
| 100 |
|
|
|a 20150310d1966 m y0rusy50 ca
|
| 101 |
0 |
|
|a rus
|
| 102 |
|
|
|a RU
|
| 105 |
|
|
|a a z 000zb
|
| 200 |
1 |
|
|a Сорок пятый
|f И. С. Конев
|
| 210 |
|
|
|a Москва
|c Воениздат
|d 1966
|
| 215 |
|
|
|a 279 с.
|c ил.
|
| 225 |
1 |
|
|a Военные мемуары
|
| 600 |
|
1 |
|a Конев
|b И. С.
|c российский военный деятель, маршал Советского Союза (1944)
|c дважды Герой Советского Союза (1944, 1945)
|f 1897-1973
|g Иван Степанович
|2 stltpush
|3 (RuTPU)RU\TPU\pers\21646
|9 9109
|
| 606 |
1 |
|
|a Великая Отечественная война 1941-1945
|x Персоналии
|2 stltpush
|3 (RuTPU)RU\TPU\subj\66793
|9 82827
|
| 610 |
1 |
|
|a история
|
| 610 |
1 |
|
|a 20 век
|
| 610 |
1 |
|
|a Украинский фронт
|
| 610 |
1 |
|
|a немецкий фашизм
|
| 610 |
1 |
|
|a Берлинская операция
|
| 610 |
1 |
|
|a Пражская операция
|
| 610 |
1 |
|
|a воспоминания
|
| 686 |
|
|
|a Т3(2)622,88
|v LBC/SL-A
|2 rubbk
|
| 700 |
|
1 |
|a Конев
|b И. С.
|c российский военный деятель, маршал Советского Союза (1944)
|c дважды Герой Советского Союза (1944, 1945)
|f 1897-1973
|g Иван Степанович
|2 stltpush
|3 (RuTPU)RU\TPU\pers\21646
|9 9109
|
| 801 |
|
1 |
|a RU
|b 63413507
|c 20150310
|
| 801 |
|
2 |
|a RU
|b 63413507
|c 20180608
|g RCR
|
| 942 |
|
|
|c BK
|